Fulham players since 2000 - Statistics

General Stats
  • This quiz has been taken 22 times
  • The average score is 114 of 317
Answer Stats
Ranking Player Positions Nationality Matches Goals Assists Periods % Correct
37 Bernd Leno GK 112 0 1 2022-2025
100%
7 Mark Schwarzer GK 191 0 0 2008-2013
94%
80 Raúl Jiménez ST 62 19 3 2023-2025
94%
8 Aleksandar Mitrović ST 190 109 17 2017-2024
89%
6 Clint Dempsey CF 203 52 17 2006-2011, 2013-2014
89%
23 Harry Wilson RW 130 22 34 2021-2025
89%
182 Manor Solomon LW 19 4 0 2022-2023
89%
68 Alex Iwobi LW 68 14 8 2023-2025
83%
298 Alex Smith CM 1 0 0 2012-2013
83%
45 Andreas Pereira AM 103 9 19 2022-2025
83%
12 Antonee Robinson LB 172 2 21 2020-2025
83%
9 Bobby De Cordova-Reid RW 184 29 16 2019-2024
83%
3 Brede Hangeland CB 235 10 4 2007-2014
83%
17 Damien Duff RM 148 17 23 2009-2014
83%
103 Matt Smith ST 51 9 4 2014-2017
83%
219 Orlando Sá ST 11 1 0 2011-2012
83%
2 Tim Ream CB 281 5 3 2015-2024
83%
70 Willian LW 68 9 7 2022-2025
83%
19 Brian McBride ST 140 32 3 2003-2008
78%
22 Edwin van der Sar GK 132 0 0 2001-2005
78%
5 Luís Boa Morte LM 210 46 28 2000-2007
78%
1 Tom Cairney CM 316 43 37 2015-2025
78%
161 Bjørn Helge Riise CM 24 0 4 2009-2011
72%
51 Bryan Ruiz AM 97 12 16 2011-2015
72%
53 Collins John ST 95 20 2 2003-2008
72%
102 Dimitar Berbatov ST 51 19 4 2012-2014
72%
13 Harrison Reed CM 171 3 11 2019-2025
72%
69 João Palhinha DM 68 7 1 2022-2024
72%
56 John Arne Riise LB 89 0 6 2011-2014
72%
35 Louis Saha ST 116 53 8 2000-2004
72%
73 Saša Lukić DM 66 1 2 2022-2025
72%
91 Timothy Castagne RB 58 1 4 2023-2025
72%
40 Bobby Zamora ST 109 26 23 2008-2012
67%
78 Issa Diop CB 64 1 0 2022-2025
67%
86 Joachim Andersen CB 60 1 1 2020-2021, 2024-2025
67%
38 Kenny Tete RB 109 4 9 2020-2025
67%
62 Papa Bouba Diop CM 76 8 2 2004-2008
67%
58 Rodrigo Muniz ST 82 22 2 2021-2022, 2023-2025
67%
136 Sander Berge DM 31 0 0 2024-2025
67%
11 Steed Malbranque CM 178 35 20 2001-2006
67%
48 Zoltán Gera AM 100 11 8 2008-2011
67%
4 Aaron Hughes CB 212 1 1 2007-2014
61%
60 Aboubakar Kamara ST 80 14 5 2017-2022
61%
100 Adama Traoré RW 53 4 10 2023-2025
61%
126 Alphonse Areola GK 36 0 0 2020-2021
61%
242 Armando Broja ST 8 0 1 2023-2024
61%
111 Carlos Vinícius ST 44 7 2 2022-2025
61%
82 Diomansy Kamara RW 62 14 3 2007-2011
61%
130 Emile Smith Rowe AM 34 6 3 2024-2025
61%
85 Frank Anguissa CM 61 0 3 2018-2019, 2020-2022
61%
75 Jean Michaël Seri DM 65 2 8 2018-2019, 2021-2022
61%
234 Josh King CM 8 0 0 2024-2025
61%
65 Marek Rodák GK 70 0 0 2019-2023
61%
148 Mario Lemina DM 28 1 1 2020-2021
61%
72 Mousa Dembélé CM 66 5 6 2010-2013
61%
97 Moussa Dembélé ST 56 15 8 2013-2016
61%
20 Neeskens Kebano LW 139 21 17 2016-2023
61%
134 Ola Aina RB 31 2 1 2020-2021
61%
27 Ryan Sessegnon LB 122 26 17 2016-2018, 2024-2025
61%
199 Steven Sessegnon RB 14 0 0 2019-2020
61%
135 Andy Cole ST 31 12 3 2004-2005
56%
54 Andy Johnson ST 92 18 11 2008-2012
56%
79 Calvin Bassey CB 64 2 0 2023-2025
56%
10 Danny Murphy CM 183 18 20 2007-2012
56%
181 Eddie Johnson ST 19 0 0 2007-2008, 2009-2011
56%
117 Fábio Carvalho AM 40 11 8 2020-2022
56%
294 Harvey Elliott AM 2 0 0 2018-2019
56%
300 Larnell Cole RM 1 0 0 2013-2014
56%
112 Pajtim Kasami CM 43 3 0 2011-2014
56%
190 Ryan Babel LW 16 5 4 2018-2019
56%
143 Sergio Rico GK 29 0 0 2018-2019
56%
18 Simon Davies RM 148 15 22 2006-2012
56%
211 Simon Elliott DM 12 0 0 2005-2006
56%
131 Ademola Lookman CF 34 4 4 2020-2021
50%
164 André Schürrle LW 24 6 0 2018-2019
50%
137 Facundo Sava ST 31 6 0 2002-2004
50%
121 Georgios Karagounis CM 39 1 0 2012-2014
50%
50 Ivan Cavaleiro LW 97 11 7 2019-2022
50%
241 Jorge Cuenca CB 8 0 0 2024-2025
50%
250 Kevin Mbabu RB 6 0 1 2022-2023
50%
201 Neco Williams RB 14 2 2 2021-2022
50%
41 Paul Konchesky LB 107 2 4 2007-2011
50%
30 Scott Parker CM 119 6 6 2013-2017
50%
24 Sean Davis DM 126 14 5 2000-2004
50%
169 Steven Davis CM 22 0 1 2007-2008
50%
57 Alexander Kacaniklic RW 84 10 4 2011-2016
44%
81 Antti Niemi GK 62 0 0 2005-2008
44%
113 Ashkan Dejagah RW 43 5 3 2012-2014
44%
138 Chris Martin ST 31 10 3 2016-2017
44%
14 Denis Odoi RB 154 4 8 2016-2022
44%
42 Dickson Etuhu DM 106 4 3 2008-2012
44%
223 Eidur Gudjohnsen ST 10 0 1 2010-2011
44%
292 Fabri GK 2 0 0 2018-2019
44%
63 Floyd Ayité LW 76 14 10 2016-2020
44%
195 George Williams LW 15 0 2 2014-2016
44%
125 Jazz Richards RB 36 0 1 2014-2016
44%
47 Joe Bryan LB 102 2 10 2018-2022
44%
74 John Collins LM 66 3 0 2000-2003
44%
106 Junichi Inamoto DM 47 4 1 2002-2004
44%
175 Luciano Vietto ST 20 1 4 2018-2019
44%
147 Michael Hector CB 28 0 2 2019-2022
44%
210 Pavel Pogrebnyak ST 12 6 0 2011-2012
44%
55 Ross McCormack CF 89 38 19 2014-2016
44%
286 Ryan Williams RM 2 0 0 2014-2015
44%
260 Shane Duffy CB 5 0 0 2022-2023
44%
215 Adel Taarabt CM 12 0 1 2013-2014
39%
133 Calum Chambers CB 31 2 0 2018-2019
39%
166 Carlos Salcido CB 23 0 2 2010-2011
39%
16 Chris Baird DM 150 4 3 2007-2012, 2015-2016
39%
186 Chris Smalling CB 17 0 0 2008-2010
39%
176 Daniel James RW 20 2 1 2022-2023
39%
64 Hugo Rodallega ST 75 15 12 2012-2015
39%
59 John Paintsil RB 81 0 1 2008-2011
39%
273 Luke Harris AM 4 0 0 2022-2024
39%
44 Marcus Bettinelli GK 103 0 0 2014-2020
39%
26 Moritz Volz RB 125 2 3 2003-2008
39%
89 Philippe Senderos CB 59 2 2 2010-2014
39%
216 Reiss Nelson RW 11 1 1 2024-2025
39%
43 Ryan Fredericks RB 106 0 12 2015-2018
39%
71 Sascha Riether RB 66 1 7 2012-2014
39%
25 Stefan Johansen CM 126 19 20 2016-2020
39%
32 Steve Finnan RB 119 2 5 2000-2003
39%
84 Steve Marlet ST 61 14 1 2001-2004
39%
21 Sylvain Legwinski CM 133 8 1 2001-2006
39%
46 Tomasz Radzinski ST 103 10 4 2004-2007
39%
29 Tosin Adarabioyo CB 119 5 2 2020-2024
39%
262 Wayne Collins CM 5 0 0 2000-2001
39%
28 Alain Goma CB 122 0 0 2000-2006
33%
105 Alfie Mawson CB 48 0 0 2018-2019, 2021-2022
33%
107 Anthony Knockaert RW 46 3 5 2019-2020, 2021-2022
33%
36 Barry Hayles ST 113 32 12 2000-2004
33%
33 Carlos Bocanegra CB 116 8 0 2003-2008
33%
155 Chris Coleman CB 25 0 1 2000-2001
33%
129 Claus Jensen AM 35 4 6 2004-2007
33%
83 Dan Burn CB 61 1 2 2013-2016
33%
252 Fodé Ballo-Touré LB 6 0 0 2023-2024
33%
95 Heidar Helguson ST 57 12 4 2005-2007
33%
228 Ibrahima Cissé DM 9 0 0 2017-2019
33%
197 Josh Maja ST 15 3 0 2020-2021
33%
205 Kasey Keller GK 13 0 0 2007-2008
33%
34 Kevin McDonald DM 116 6 5 2016-2020
33%
108 Kieran Richardson LB 45 5 3 2012-2014
33%
280 Konstantinos Mitroglou ST 3 0 0 2013-2014
33%
183 Maarten Stekelenburg GK 19 0 0 2013-2014
33%
167 Mahamadou Diarra DM 23 1 2 2011-2014
33%
76 Maik Taylor GK 65 0 0 2000-2003
33%
109 Mark Pembridge LM 45 1 2 2003-2006
33%
193 Niclas Jensen LB 16 0 1 2005-2006
33%
179 Patrick Roberts RW 19 0 2 2013-2015
33%
140 Ruben Loftus-Cheek CM 30 1 0 2020-2021
33%
220 Shefki Kuqi ST 10 0 1 2007-2008
33%
52 Steve Sidwell CM 96 15 6 2010-2014
33%
212 Timothy Fosu-Mensah RB 12 0 0 2018-2019
33%
67 Tomas Kalas CB 69 1 2 2016-2018
33%
172 Zesh Rehman CB 21 0 0 2003-2006
33%
170 Aleksey Smertin DM 22 2 2 2006-2008
28%
267 Cameron Burgess CB 4 0 0 2014-2015
28%
99 Cauley Woodrow ST 54 8 2 2013-2017
28%
248 Cédric Soares RB 6 0 0 2022-2023
28%
93 Cyrus Christie RB 57 1 3 2017-2020
28%
160 Darren Bent ST 24 3 2 2013-2014
28%
213 David Elm ST 12 1 1 2009-2010
28%
139 David Healy ST 30 4 0 2007-2008
28%
119 David Stockdale GK 40 0 0 2009-2014
28%
237 Eddie Lewis LM 8 0 0 2000-2002
28%
110 Fernando Amorebieta CB 44 2 2 2013-2016
28%
246 Gaël Kakuta AM 7 1 0 2010-2011
28%
202 Jack Grimmer RB 13 0 0 2014-2015
28%
258 Jay Stansfield ST 6 0 0 2019-2020, 2021-2022, 2024-2025
28%
265 Jesse Joronen GK 4 0 0 2014-2015
28%
120 Jimmy Bullard CM 39 6 7 2006-2009
28%
200 Johnny Heitinga CB 14 1 1 2013-2014
28%
77 Josh Onomah CM 64 4 6 2019-2023
28%
122 Konstantinos Stafylidis LB 38 0 0 2014-2015
28%
39 Lee Clark CM 109 12 12 2000-2005
28%
101 Lucas Piazón AM 51 10 8 2016-2018
28%
297 Martial Godo LW 2 0 0 2024-2025
28%
184 Matt Targett LB 18 1 2 2017-2018
28%
118 Maxime Le Marchand CB 40 0 1 2018-2021
28%
226 Michael Turner CB 9 1 1 2014-2015
28%
165 Mladen Petric ST 23 5 1 2012-2013
28%
203 Paulo Gazzaniga GK 13 0 0 2021-2022
28%
207 Paul Stalteri RB 13 0 0 2007-2008
28%
188 Ragnar Sigurdsson CB 17 1 1 2016-2017
28%
92 Stephen Kelly RB 57 0 1 2009-2013
28%
271 Toni Kallio CB 4 0 0 2008-2010
28%
171 Tony Warner GK 21 0 0 2005-2006, 2007-2008
28%
15 Zat Knight CB 151 3 3 2001-2008
28%
239 Adam Green LB 8 0 0 2003-2005
22%
311 Andranik Teymourian CM 1 0 0 2008-2009
22%
31 Andy Melville CB 119 1 0 2000-2004
22%
87 David Button GK 60 0 0 2016-2018
22%
206 Dejan Stefanovic CB 13 0 0 2007-2008
22%
290 Domingos Quina CM 2 0 0 2021-2022
22%
218 Elvis Hammond ST 11 0 0 2002-2003, 2004-2005
22%
157 Emerson Hyndman CM 25 1 0 2014-2016
22%
90 Erik Nevland ST 58 9 7 2007-2010
22%
269 Gábor Király GK 4 0 0 2014-2015
22%
177 Hamer Bouazza RW 20 1 2 2007-2008
22%
150 Harry Arter CM 28 2 1 2019-2020
22%
94 Ian Pearce CB 57 1 1 2003-2008
22%
236 Jan Lastuvka GK 8 0 0 2006-2007
22%
235 Joe Lewis GK 8 0 0 2015-2016
22%
209 Kagisho Dikgacoi CM 13 0 0 2009-2011
22%
151 Kerim Frei LW 27 1 0 2011-2013
22%
185 Ki-hyeon Seol RW 18 1 1 2007-2010
22%
149 Kit Symons CB 28 0 1 2000-2002
22%
274 Layvin Kurzawa LB 3 0 0 2022-2023
22%
180 Leon Andreasen CM 19 0 0 2007-2009
22%
244 Luca de la Torre CM 7 0 0 2017-2018, 2019-2020
22%
299 Marcello Trotta ST 1 0 0 2011-2012
22%
291 Marcus Hahnemann GK 2 0 0 2000-2001
22%
178 Mark Crossley GK 20 0 1 2003-2006
22%
312 Matt O'Riley CM 1 0 0 2019-2020
22%
114 Michael Brown CM 41 0 0 2005-2007
22%
159 Nathaniel Chalobah DM 24 0 2 2021-2023
22%
315 Neil Etheridge GK 1 0 0 2011-2012
22%
115 Nikolay Bodurov CB 41 1 0 2014-2016
22%
128 Oliver Norwood CM 36 5 3 2017-2018
22%
127 Philippe Christanval CB 36 1 0 2005-2008
22%
192 Pierre Womé LB 16 1 0 2002-2003
22%
278 Rafa Soares LB 3 0 0 2017-2018
22%
152 Rui Fonte ST 27 3 5 2017-2018
22%
88 Ryan Tunnicliffe CM 59 2 5 2013-2017
22%
132 Shaun Hutchinson CB 34 2 1 2014-2016
22%
168 Sheyi Ojo RW 22 4 2 2017-2018
22%
303 Simon Morgan RB 1 0 0 2000-2001
22%
104 Sone Aluko RW 49 8 10 2016-2018
22%
217 Stefano Okaka ST 11 2 0 2009-2010
22%
272 Tyrese Francois CM 4 0 0 2020-2023
22%
204 Urby Emanuelson CM 13 1 0 2012-2013
22%
225 Vincenzo Montella ST 10 2 0 2006-2007
22%
314 Wayne Brown AM 1 0 0 2008-2009
22%
257 Zdenek Grygera RB 6 0 0 2011-2012
22%
163 Abdeslam Ouaddou CB 24 0 0 2001-2003
17%
253 Ahmad Elrich RM 6 0 0 2005-2006
17%
153 Andrejs Stolcers AM 26 2 1 2000-2003
17%
66 Bjarne Goldbaek CM 70 3 5 2000-2003
17%
309 Björn Runström ST 1 0 0 2006-2007
17%
233 Cyriac LW 9 1 0 2016-2017
17%
231 Dean Leacock CB 9 0 0 2003-2004, 2005-2006
17%
276 Derek Boateng DM 3 0 0 2013-2014
17%
240 Elliot Omozusi RB 8 0 0 2007-2008
17%
145 Franck Queudrue LB 29 1 4 2006-2007
17%
194 Jérôme Bonnissel LB 16 0 1 2003-2004
17%
116 Jonathan Greening CM 40 1 3 2009-2011
17%
158 Jon Harley LB 25 1 0 2001-2004
17%
243 Jozabed Sánchez CM 7 0 0 2016-2017
17%
317 Julian Gray ST 1 0 0 2008-2009
17%
198 Karl-Heinz Riedle ST 14 1 2 2000-2001
17%
255 Kevin Betsy LM 6 0 0 2000-2002
17%
301 Lazar Markovic RW 1 0 0 2018-2019
17%
208 Lewis Holtby CM 13 1 3 2013-2014
17%
154 Luke Garbutt LB 25 1 2 2015-2016
17%
296 Mark Fotheringham CM 2 0 0 2014-2015
17%
98 Martin Djetou CB 55 1 2 2002-2004
17%
289 Martín Herrera GK 2 0 0 2002-2003
17%
189 Matthew Briggs CB 17 0 0 2006-2007, 2010-2014
17%
302 Mesca RM 1 0 0 2013-2014
17%
142 Michael Madl CB 29 1 2 2015-2017
17%
279 Muamer Tankovic RW 3 0 0 2013-2014
17%
316 Rafik Halliche CB 1 0 0 2010-2011
17%
49 Rufus Brevett LB 100 0 4 2000-2003
17%
124 Scott Malone LB 36 6 3 2016-2017
17%
173 Seko Fofana CM 21 1 0 2014-2015
17%
263 Stanislav Manolev RB 5 0 0 2012-2013
17%
288 Stephen Humphrys ST 2 0 0 2016-2017
17%
285 Terence Kongolo CB 2 0 0 2019-2021
17%
247 Thomas Eisfeld CM 7 0 0 2014-2015
17%
156 Tim Hoogland RB 25 4 1 2014-2015
17%
214 Wayne Bridge LB 12 0 1 2005-2006
17%
256 Yohan Mollo RW 6 0 1 2017-2018
17%
305 Adil Chihi RW 1 0 0 2014-2015
11%
275 Alan Neilson CB 3 0 0 2000-2001
11%
141 Andy Lonergan GK 29 0 0 2015-2016
11%
196 Ben Pringle LM 15 2 0 2015-2016
11%
295 Billy McKinlay RM 2 0 0 2004-2005
11%
229 Bobby Petta LM 9 0 0 2003-2004
11%
268 Calum Willock ST 4 0 0 2000-2003
11%
251 Chris David AM 6 1 0 2013-2015
11%
249 Danny Guthrie CM 6 0 0 2014-2015
11%
307 Darren Pratley CM 1 0 0 2003-2004
11%
310 Dennis Adeniran CM 1 0 0 2016-2017
11%
191 Elsad Zverotic RB 16 0 0 2013-2015
11%
259 Emmanuel Frimpong DM 6 0 1 2012-2013
11%
232 Eyong Enoh DM 9 0 0 2012-2013
11%
146 Fabrice Fernandes LW 29 2 5 2000-2001
11%
266 Fredrik Stoor Siekkinen RB 4 0 0 2008-2010
11%
264 Håvard Nordtveit DM 5 0 1 2018-2019
11%
187 James Husband LB 17 0 5 2014-2016
11%
123 Jamie O'Hara CM 37 1 3 2015-2016
11%
277 Jordan Graham RW 3 0 0 2017-2018
11%
224 Kay Voser LB 10 0 0 2014-2016
11%
96 Lasse Vigen CM 56 6 11 2014-2017
11%
306 Liam Fontaine CB 1 0 0 2004-2005
11%
61 Liam Rosenior RB 79 0 3 2004-2007
11%
281 Malik Buari RM 3 0 0 2003-2004
11%
270 Marcel Gecov CM 4 0 0 2011-2012
11%
284 Marcelo Djaló CB 2 0 0 2017-2018
11%
308 Nathan Ashton LB 1 0 0 2007-2008
11%
227 Nicky Shorey LB 9 0 0 2009-2010
11%
245 Nicolas Sahnoun DM 7 0 0 2000-2001
11%
230 Olivier Dacourt DM 9 0 0 2008-2009
11%
222 Paul Trollope AM 10 0 0 2000-2001
11%
261 Peter Möller ST 5 1 0 2000-2001
11%
144 Richard Stearman CB 29 0 0 2015-2016
11%
313 Rob Milsom LB 1 0 0 2008-2009
11%
221 Rohan Ince DM 10 1 0 2015-2016
11%
254 Sakari Mattila DM 6 0 0 2015-2016
11%
174 Sean Kavanagh LB 21 1 2 2014-2016
11%
304 Steve Hayward CM 1 0 0 2000-2001
11%
293 Sylvester Jasper LW 2 0 0 2019-2020
11%
287 Tayo Edun LB 2 0 0 2017-2018
11%
282 Terry Phelan LB 2 0 0 2000-2001
11%
162 Wayne Routledge LW 24 0 1 2006-2007
11%
238 William Kvist DM 8 0 0 2013-2014
11%
283 Zakaria Labyad AM 2 0 0 2015-2016
11%
No matching quizzes found
Score Distribution
Percent of People with Each Score
Percentile by Number Answered
Your Score History
You have not taken this quiz